| 000 | 00427nam a2200157 a 4500 | ||
|---|---|---|---|
| 001 | 4515 | ||
| 003 | CDMR | ||
| 005 | 20130320111203.0 | ||
| 008 | 130130s2008||||||||||||||||||||||||||||d | ||
| 020 | _a9788439379034 | ||
| 040 |
_aCDMR _bcat _cCPC GIRONA |
||
| 110 | 1 |
_91064 _aCatalunya _b -- Generalitat |
|
| 245 | 0 |
_aEnfortint Catalunya _b: dos anys de Govern |
|
| 260 |
_c2008 _bGeneralitat de Catalunya _aBarcelona |
||
| 942 |
_cMON _2ddc |
||
| 999 |
_c4515 _d4515 |
||